01004nam a2200169Ia 4500008004100000020001500041050002000056100002800076245011600104260003400220300001800254490003200272500006000304505040100364650003400765700003500799120626s1994 sp 000 0 spa d a8475099742 aLB41 bC59 1994 aColom, Antoni J.eautor aDespués de la modernidadb: Nuevas filosofías de la educaciónc/ Antoni J. Colóm: Joan-Carles, Mélich aBarcelonab: Paidósc, 1994 a192 páginas aPapeles de pedagoíav: 15 aIncluye: Sumario, Presentación, Final, Bibliografía a1. Primera Parte. La nueva condición de la ideología El punto de partida La filosofía de la posmodernidad La necesidad del conocimiento La sociedad como sistema: Niklas Luhmann 2. Segunda Parte. Los restos del naufragio El neocontractualismo de Rawls Habermas o el retorno a la modernidad La ideología permanente: el pacifismo La ideología recuperada: el ecologismo  0aFILOSOFÍA DE LA EDUCACIÓN aMélich, Joan - Carleseautor